LEADER 01027nam a2200229 a 4500 001 000000150129 003 CaOOAMICUS 005 20160308094953.0 008 160308s1902 it u000 u ita r 032 $aLibriCat 040 $aPUL$bita 245 00$aNuovo dizionario dei comuni e frazioni di comuni del Regno d'Italia :$bin relazione alle circoscrizioni amministrativa, giudiziaria, elettorale e militare ... 250 $aSesta edizione. 260 $aRoma :$bE. Voghera,$c1902. 300 $a295 p. ;$c24 cm. 650 4$aComuni$zItalia.$0(OLS)http://pul/subject/18016 850 $aPUL 852 $aPUL$W1$xDP1 Cons. Gen., Altre Classi 1$y22$m645 B 35$j172747$qStampati$B174622$CPULBib$Z2$F174622 $81 941 1 $a8 996 $6245$aNuovo dizionario dei comuni e frazioni di comuni del Regno d'Italia :$bin relazione alle circoscrizioni amministrativa, giudiziaria, elettorale e militare ...$9(OLS)http://pul/title/189198 996 $6260$aRoma :$bE. Voghera$9(OLS)http://pul/publisher/53315 LEADER 01429cam a22003014a 4500 001 000000159863 003 CaOOAMICUS 005 20170404090708.0 008 170404s2008 gw b 011 0 ger r 020 $z9783525539675* 032 $aLibriCat 040 $aPUL$bita 100 1 $aMetzner, Rainer.$0(OLS)http://pul/name/49290 245 14$aDie Prominenten im Neuen Testament :$bein prosopographischer Kommentar /$cRainer Metzner. 260 $aGöttingen :$bVandenhoeck und Ruprecht,$c©2008. 300 $a695 p. ;$c24 cm. 490 1 $aNovum Testamentum et Orbis antiquus.$aStudien zur Umwelt des Neuen Testaments ;$vBd. 66 504 $aInclude riferimenti bibliografici ed indice 630 04$aBiblia.$pN.T.$xCritica e interpretazione.$0(OLS)http://pul/subject/1926 830 0$aNovum Testamentum et Orbis antiquus.$pStudien zur Umwelt des Neuen Testaments ;$vBd. 66.$0(OLS)http://pul/title/105627 850 $aPUL 852 $aPUL$W1$xSL Religione 1$y3$m5 S 66$j183446$qStampati$B186652$CPULBib$Z2$F186652 $H129311 $81 941 1 $a8 983 0$aNovum Testamentum et Orbis antiquus. 996 $6020$z9783525539675*$9(OLS)http://pul/number/162322 996 $6245$aDie Prominenten im Neuen Testament :$bein prosopographischer Kommentar$9(OLS)http://pul/title/199491 996 $6260$aGöttingen :$bVandenhoeck und Ruprecht$9(OLS)http://pul/publisher/51622